00343nam a2200145Ia 4500008004100000020001800041082000800059100001900067245002800086250000600114260002700120300001000147500002400157650001600181230524s9999 xx 000 0 und d a9788184957686 bCAL aLeigh Caldwell 4aThe Psychology of Price a1 aNew DelhibJaicoc2015 a233p; aQuantity Number: 1 aMisalliance